| 000 | 00596nam a22001937a 4500 | ||
|---|---|---|---|
| 003 | DO-SdBNP | ||
| 005 | 20210823111654.0 | ||
| 008 | 210823b ||||| |||| 00| 0 eng d | ||
| 040 |
_aDO-SdBNP _bspa _cBNPHU |
||
| 082 | _aF- | ||
| 100 |
_aCarrasco Recio, Rafael David _979526 |
||
| 245 | 1 | 0 |
_aCurso sobre la cunicultura / _cRafael David Carrasco Recio |
| 260 |
_aSanto Domingo : _bDirección General de Promoción de las Comunidades Fronterizas, _c1981 |
||
| 300 |
_a36 p. ; _c20 cm |
||
| 590 | _aInventariado, 2021 / DG | ||
| 650 | 4 |
_aCunicultura _944527 |
|
| 910 | _aD/G | ||
| 942 |
_2ddc _cLBS1 |
||
| 999 |
_c50239 _d50239 |
||